Jupiler Pro League 2025/26 - Statystyki

Ogólne statystyki
  • Ten quiz został rozwiązany 19 razy
  • Średni wynik to 9 z 16
Statystyki odpowiedzi
Drużyna % Poprawnych
KRC Genk
100%
KAA Gent
93%
Cercle Brugge
87%
Club Brugge
80%
RSC Anderlecht
80%
Royal Antwerp FC
67%
RSC Charleroi
53%
Standard Liège
53%
Union Saint-Gilloise
53%
Zulte Waregem
53%
KV Mechelen
40%
KVC Westerlo
33%
VV St. Truiden
27%
FCV Dender
20%
OH Leuven
13%
RAAL La Louvière
13%
Nie znaleziono quizów pasujących do podanych kryteriów
Rozkład punktacji
Procent ludzi z każdym wynikiem
Percentyl według liczby udzielonych odpowiedzi
Twoja historia wyników
Nie rozwiązałeś tego quizu